01997cam a22005654i 4500003000900000005001700009008004100026020001500067020001800082035002700100040004400127082001600171082001800187082001800205100003200223245021800255250002400473264005700497300005500554336002100609337002500630338002300655504003400678505032900712526001001041526001001051526000901061526000901070526000901079526000901088526000901097526000901106526000801115526000801123526000801131526000801139526000801147526000801155526000801163526000801171650002601179650001601205650001601221650002501237650001601262700003801278700003101316700004101347700004301388PE-LiUPU20250731180104.0131115s2013 mx a r 000 0 spa d a6071509254 a9786071509253 a(Sirsi) i9786071509253 aCKJAVbspacCKJAVdZZANDdPE-LiUPUerda04a531.11bB3904a531.11bB39 104a531.11bB39 21 aBeer, Ferdinand P.,eautor.10aMecánica vectorial para ingenieros :bEstática /cFerdinand P. Beer, E. Russell John Jr., David F. Mazurek ; revisión técnica Javier León Cárdenas, Miguel Angel Rios Sánchez, Enrique Zamora Gallardo. aDécima edición. 1aMéxico, D.F. :bMcGraw-Hill Interamericana,c2013. a489 páginas :bilustraciones ;c27centímetros. atext2rdacontent aunmediated2rdamedia avolume2rdacarrier aIncluye índice analítico.0 aEstática de partículas -- Cuerpos rígidos. Sistemas equivalentes de fuerzas -- Equilibrio de cuerpos rígidos -- Fuerzas distribuidas. Centroides y centros de gravedad -- Análisis de estructuras -- Fuerzas en vigas y cables -- Fricción -- Fuerzas distribuidas. Momentos de inercia -- Método del trabajo virtual. aSEG44 aSEG26 aP159 aP155 aP154 aP153 aP150 aP100 aP31 aP30 aP26 aP25 aP24 aP22 aP15 aP1004aAnálisis vectorial.04aDinámica.04aEstática.04aMecánica aplicada.04aMecánica.1 aJohnston Jr., E. Russell,eautor.1 aMazurek, David F.,eautor.1 aLeón Cárdenas, Javier,erevisor.1 aRios Sánchez, Miguel Angelerevisor.